• 首页
  • 本馆介绍
  • 公告通知
  • 最新文献
  • 馆藏检索
  • 电子资源
  • 读者导购
  • 参考咨询
  • 我的图书馆
  • 登录
  • 详细信息显示
  • 放入我的书架
  • 预约/预借图书
  • 作者相关作品
  • 分类相关作品
  • 丛书相关作品
  • 出版社相关作品

书目信息

  • 表格格式
  • 工作单格式
  • 卡片格式
题名:
就是欺负你不懂
    
 
作者: 小二 著
分册:   汽车保养之广汽丰田
出版信息: 北京   中国水利水电出版社  2014
页数: 111页
开本: 24cm
丛书名:
单 册:
中图分类: U472.2
科图分类:
主题词: 汽车--保养--基本知识
电子资源:
ISBN: 978-7-5170-2384-5
000 00832nam0 2200217 450
001 59
005 20160906091607.81
010    @a978-7-5170-2384-5@dCNY58.00
100    @a20141020d2014 em y0chiy50 ea
101 0  @achi
102    @aCN@b110000
105    @aa z 000yy
200 1  @a就是欺负你不懂@9jiu shi qi fu ni bu dong@i汽车保养之广汽丰田@f小二著
210    @a北京@c中国水利水电出版社@d2014
215    @a111页@c彩照@d24cm
330    @a本书从工具准备、配件选购、操作步骤、技术要领、费用对比等车友最关心的角度着手,讲述了广汽丰田品牌车型换轮胎,给电瓶“借火”,换机油、机滤、空调滤、火花塞、刹车油、刹车片、刹车盘、防冻液等各种常规及非常规保养项目。
606 0  @a汽车@x保养@x基本知识
690    @aU472.2@v5
701  0 @a小二@9xiao er@c(汽车维修)@4著
801  0 @aCN@b唐山师范学院图书馆@c20160720
905    @aZUCC@dU472.2@e291
    
    就是欺负你不懂.汽车保养之广汽丰田/小二著.-北京:中国水利水电出版社,2014
    111页:彩照;24cm
    
    
    ISBN 978-7-5170-2384-5:CNY58.00
    本书从工具准备、配件选购、操作步骤、技术要领、费用对比等车友最关心的角度着手,讲述了广汽丰田品牌车型换轮胎,给电瓶“借火”,换机油、机滤、空调滤、火花塞、刹车油、刹车片、刹车盘、防冻液等各种常规及非常规保养项目。
●
相关链接 在E读中查询图书 在五车中查询图书 在当当中查询图书 在豆瓣中查询图书


正题名:就是欺负你不懂     索取号:U472.2/291         预约/预借

序号 登录号 条形码 馆藏地/架位号 状态 备注
1 900241   209002416   第二样本阅览室/ [索取号:U472.2/291] 在馆    
2 900242   209002425   第三借阅区/ [索取号:U472.2/291] 在馆    
3 900243   209002434   第三借阅区/ [索取号:U472.2/291] 在馆    
4 900244   209002443   第三借阅区/ [索取号:U472.2/291] 在馆    
5 900245   209002452   第三借阅区/ [索取号:U472.2/291] 在馆    
唐山师范学院图书馆 欢迎您!
大连网信软件有限公司© 版权所有